Riconosci il giocatore dalla carriera 3 - Statistics

Statistiche generali
  • Questo quiz è stato fatto 41 volte
  • Il punteggio medio è 7 su 12
Statistiche sulle risposte
Carriera Risposta % Corretto
Liverpool 2012-2013 Almeria 2013-2014 Liverpool2014-2015 Milan 2015-2016 Genoa 2016 Milan 2016-2020 Siviglia 2020-2025 Cadice 2025- Suso
86%
Olímpico do Montijo 2018-2019 Portimonense 2019-2021 Udinese 2021-2023 Everton 2023- Betuncal Beto
83%
Lens 2010-2011 Real Madrid 2011-2021 ManchesterUnited 2021-2024 Como 2024 Raphaël Varane
80%
Hamilton Academical 2017-2018 Aberdeen 2018-2022 Bologna 2022- Lewis Ferguson
77%
Anderlecht 2018-2020 Rennes 2020-2023 ManchesterCity 2023- Jérémy Doku
74%
Barcellona B 2016-2018 Barcellona 2017-2018 Eibar2018-2019 Getafe 2019-2021 Brighton 2021-2022 Chelsea 2022- Marc Cucurella
69%
Racing Club 2016-2018 Udinese 2018-2021 Atalanta2021-2024 Atletico Madrid 2024- Juan Musso
66%
Standard Liegi 2006-2008 Everton 2008-2013Manchester United 2013-2019 Shandong Taishan 2019-2023 Marouane Fellaini
66%
Int. Curtea de Argeș 2009-2010 Pandurii 2010-2012 Steaua Bucarest 2012-2013 Totthenam 2013- 2015 Napoli 2015-2019 Sassuolo 2019-2022 Cremonese 2022-2023 FCSB 2023- Vlad Chiricheș
60%
Lech Poznań 2018-2024 Lecce 2024- Filip Marchwiński
31%
Pistoiese 2011-2012 Livorno 2012-2016 Crotone 2016-2018 Fiorentina 2018-2020 Verona 2020-2023 Fatih Karagümrük 2023-2024 Cremonese 2024- Federico Ceccherini
20%
Nizza 2 2018 Napoli 2018-2020 Cavese 2020-2021Napoli 2021 Charleroi 2021-2022 Napoli 2022-2023 Swift Hesperange 2023-2024 Ascoli 2024 Sudtirol 2024- Karim Zedadka
9%
Nessun quiz corrispondente trovato
Distribuzione punteggi
Percentuale di utenti per punteggio
Percentile per numero di risposta
I tuoi punteggi nel tempo
Non hai fatto questo quiz